| 000 | 00724nam a22001817a 4500 | ||
|---|---|---|---|
| 003 | BD-DhUL | ||
| 005 | 20170516120658.0 | ||
| 008 | 170516s1994 bg a|||| |||| 00| 0 ben c | ||
| 040 |
_aBD-DhUL _cBD-DhUL |
||
| 082 |
_a320.95492 _bHOB |
||
| 100 | 1 | _aফেরদৌস হোসেন | |
| 245 | 1 | 0 |
_aবাংলাদেশের রাজনীতি ও অর্থনীতি / _cফেরদৌস হোসেন |
| 260 |
_aঢাকা : _bনির্ঝর পাবলিকেশনস্, _c১৯৯৪ |
||
| 300 |
_a৮৯ পৃ. ; _c২২ সম. |
||
| 650 | 0 | _aবাংলাদেশ - রাজনীতি ও সরকার | |
| 650 | 0 | _aBangladesh - politics and government | |
| 942 |
_2ddc _cBK |
||
| 999 |
_c197521 _d197521 |
||